| 000 | 00685nam a22002537a 4500 | ||
|---|---|---|---|
| 003 | UA-OsUOA | ||
| 001 | 30687 | ||
| 007 | ta | ||
| 008 | 20041112b un ||||| |||| 00| 0 ukr d | ||
| 100 | _aЛевицкий Л. | ||
| 090 |
_a82.09(40+571) _bЛ37 |
||
| 942 | _cBK | ||
| 040 |
_aUA-OsUOA _brus _cUA-OsUOA _dUA-OsUOA |
||
| 245 |
_aКонстантин Паустовский _bОчерк творчества |
||
| 300 |
_a407 с. _bІлюстрації |
||
| 955 | _a0 | ||
| 041 | _arus | ||
| 080 | _a82.09(40+571) | ||
| 260 |
_aМосква _bСоветский писатель _c1977 |
||
| 044 | _aRU | ||
| 250 | _n2-е изд., доп. | ||
| 650 | 7 | _2UDC | |
| 999 |
_c317101 _d317101 |
||